[Event "FISU World University"]
[Site "Tornelo INT"]
[Date "2020.10.27"]
[Round "5.25"]
[White "Gasic Merino, Franco Ignacio"]
[Black "Toledo Sanz, Imanol"]
[Result "0-1"]
[WhiteElo "2204"]
[BlackElo "2177"]
[PlyCount "74"]
[EventDate "2020.10.26"]
[EventType "team-swiss (rapid)"]
[EventRounds "9"]
[EventCountry "NET"]
[SourceTitle "CBM 199 Extra"]
[Source "ChessBase"]
[SourceDate "2021.01.31"]
[SourceVersion "1"]
[SourceVersionDate "2021.01.31"]
[SourceQuality "1"]
[WhiteTeam "Chile"]
[BlackTeam "Spain III"]
[WhiteTeamCountry "CHI"]
[BlackTeamCountry "ESP"]

1. d4 Nf6 2. g3 c5 3. d5 g6 4. c4 Bg7 5. Nc3 0-0 6. Bg2 d6 7. Nf3 e6 8. 0-0 exd5 9. cxd5 Re8 10. Bf4 Bf5 11. Nd2 Nh5 12. Be3 b5 13. Nxb5 Bxb2 14. Nc4 Be5 15. Nxe5 Rxe5 16. Bf3 a6 17. Na3 Rxe3 18. fxe3 Qg5 19. Nc4 Nf6 20. Qb3 Nbd7 21. Nxd6 Bh3 22. Rf2 Qe5 23. Rc1 Qxd6 24. e4 Re8 25. Qe3 Kg7 26. Qc3 h5 27. Bh1 Kg8 28. Rf4 Qe5 29. Qxe5 Rxe5 30. Rb1 g5 31. Rf3 Nxe4 32. Re3 Bf5 33. Rb7 Ndf6 34. d6 Rd5 35. Bxe4 Rd1+ 36. Kf2 Ng4+ 37. Kf3 Rf1+ 0-1

[Event "Erandio op 28th"]
[Site "Erandio"]
[Date "2019.12.18"]
[Round "5"]
[White "Toledo Sanz, Imanol"]
[Black "Uria Ramirez, Aitor"]
[Result "1-0"]
[WhiteElo "2171"]
[BlackElo "1906"]
[PlyCount "67"]
[EventDate "2019.12.14"]
[EventType "swiss"]
[EventRounds "8"]
[EventCountry "ESP"]
[SourceTitle "CBM 194 Extra"]
[Source "ChessBase"]
[SourceDate "2020.03.31"]
[SourceVersion "1"]
[SourceVersionDate "2020.03.31"]
[SourceQuality "1"]

1. e4 e5 2. Nf3 Nc6 3. Bb5 a6 4. Ba4 Nf6 5. 0-0 b5 6. Bb3 Nxe4 7. d4 d5 8. dxe5 Be6 9. Qe2 Be7 10. Rd1 Na5 11. Nbd2 Nxb3 12. axb3 Nxd2 13. Bxd2 0-0 14. b4 Qd7 15. Nd4 c5 16. bxc5 Bxc5 17. Nb3 Bb6 18. Be3 Bxe3 19. Qxe3 Qc7 20. Nd4 Rfc8 21. f4 Qd7 22. Rf1 Bf5 23. Rf2 g6 24. h3 h5 25. g4 hxg4 26. hxg4 Bxg4 27. f5 Kh7 28. fxg6+ fxg6 29. e6 Qd6 30. Rf7+ Kg8 31. Rd7 Qb8 32. Rf1 Rc7 33. Rdf7 Qa7 34. Qe5 1-0

[Event "Getxo op 4th"]
[Site "Getxo"]
[Date "2019.09.15"]
[Round "8"]
[White "Toledo Sanz, Imanol"]
[Black "Naumkin, Igor"]
[Result "0-1"]
[WhiteElo "2178"]
[BlackElo "2366"]
[PlyCount "68"]
[EventDate "2019.09.08"]
[EventType "swiss"]
[EventRounds "9"]
[EventCountry "ESP"]
[SourceTitle "EXT 2021"]
[Source "ChessBase"]
[SourceDate "2020.10.23"]
[SourceVersion "1"]
[SourceVersionDate "2020.10.23"]
[SourceQuality "1"]

1. d4 Nf6 2. Nf3 e6 3. c4 b6 4. g3 Bb7 5. Bg2 Be7 6. 0-0 0-0 7. Re1 d5 8. Nc3 dxc4 9. Qa4 a6 10. Qxc4 b5 11. Qb3 c5 12. dxc5 Bxc5 13. Bf4 Nbd7 14. Red1 Qb6 15. e3 h6 16. a4 b4 17. a5 Qa7 18. Na4 Bd5 19. Qd3 Qb7 20. Qe2 Be7 21. g4 Nxg4 22. Nd2 Ngf6 23. e4 Bc6 24. b3 Rad8 25. Rac1 e5 26. Bg3 Rfe8 27. Nb2 Nc5 28. f3 Rxd2 29. Rxd2 Nxb3 30. Rb1 Bb5 31. Qd1 Nxd2 32. Qxd2 Nh5 33. Bf2 Nf4 34. Be3 Qc7 0-1

[Event "ESP-ch U18"]
[Site "Salobrena"]
[Date "2019.07.22"]
[Round "2"]
[White "Sanchez Crespo, David"]
[Black "Toledo Sanz, Imanol"]
[Result "0-1"]
[WhiteElo "1894"]
[BlackElo "2120"]
[PlyCount "118"]
[EventDate "2019.07.22"]
[EventType "swiss"]
[EventRounds "9"]
[EventCountry "ESP"]
[SourceTitle "CBM 191 Extra"]
[Source "ChessBase"]
[SourceDate "2019.09.30"]
[SourceVersion "1"]
[SourceVersionDate "2019.09.30"]
[SourceQuality "1"]

1. d4 Nf6 2. c4 g6 3. Nc3 Bg7 4. e4 d6 5. h3 0-0 6. Bg5 c5 7. d5 Nbd7 8. Nf3 a6 9. Nd2 e6 10. a4 exd5 11. cxd5 h6 12. Be3 b6 13. Bd3 Re8 14. 0-0 Ne5 15. Bc2 g5 16. f4 gxf4 17. Bxf4 Rb8 18. Qe2 Qe7 19. Qe3 Ng6 20. Kh1 Nh5 21. Bh2 Ne5 22. Bd1 Qh4 23. Rf2 Bd7 24. Nf3 Ng3+ 25. Bxg3 Qxg3 26. Ne2 Nc4 27. Nxg3 Nxe3 28. Nh4 Re5 29. Bh5 Rf8 30. Re1 Rg5 31. Rxe3 Bd4 32. Rfe2 Be5 33. Bg4 Bxg4 34. hxg4 Rxg4 35. Nhf5 Kh7 36. Nh5 b5 37. axb5 axb5 38. Rh3 Ra8 39. Nhg3 Ra1+ 40. Kh2 Bf4 41. Rf2 Kg6 42. Rh4 Bxg3+ 43. Kh3 Bxh4 44. Nxh4+ Rxh4+ 45. Kxh4 Re1 46. Rf4 Re2 47. Rg4+ Kf6 48. b3 Ke5 49. Kh5 Rxe4 50. Rg3 Kxd5 51. Kxh6 f5 52. Kg5 Rg4+ 53. Rxg4 fxg4 54. Kxg4 Ke4 55. Kh5 c4 56. g4 c3 57. g5 c2 58. g6 c1Q 59. g7 Kf5 0-1

[Event "Bizkaia-ch U18"]
[Site "Spain"]
[Date "2019.01.03"]
[Round "?"]
[White "Toledo Sanz, Imanol"]
[Black "Pereira Lopez, Aketza"]
[Result "1/2-1/2"]
[WhiteElo "1935"]
[BlackElo "1874"]
[PlyCount "54"]
[EventDate "2018.12.27"]
[EventType "swiss"]
[EventRounds "5"]
[EventCountry "ESP"]
[SourceTitle "EXT 2024"]
[Source "ChessBase"]
[SourceDate "2023.10.10"]
[SourceVersion "1"]
[SourceVersionDate "2023.10.10"]
[SourceQuality "1"]

1. g3 g6 2. Bg2 Bg7 3. c4 d6 4. Nc3 Nf6 5. e4 c5 6. Nge2 Nc6 7. d3 e5 8. 0-0 0-0 9. a3 Ne8 10. Rb1 a5 11. Be3 Nc7 12. f4 Bh6 13. Qd2 f6 14. f5 Bxe3+ 15. Qxe3 g5 16. Qf3 Qe8 17. h4 h6 18. hxg5 hxg5 19. Kf2 Kg7 20. Rh1 Bd7 21. Bh3 Qe7 22. Bg4 Rh8 23. Bh5 Rag8 24. Nd5 Qd8 25. Rh3 Rh6 26. Rbh1 Rgh8 27. R1h2 Nxd5 1/2-1/2

[Event "Erandio op 27th"]
[Site "Erandio"]
[Date "2018.12.18"]
[Round "4"]
[White "Martin Ibisate, Xabier"]
[Black "Toledo Sanz, Imanol"]
[Result "0-1"]
[WhiteElo "1783"]
[BlackElo "2074"]
[PlyCount "68"]
[EventDate "2018.12.15"]
[EventType "swiss"]
[EventRounds "8"]
[EventCountry "ESP"]
[SourceTitle "EXT 2020"]
[Source "ChessBase"]
[SourceDate "2019.10.17"]
[SourceVersion "1"]
[SourceVersionDate "2019.10.17"]
[SourceQuality "1"]

1. e4 c5 2. Nf3 e6 3. d4 cxd4 4. Nxd4 Nc6 5. Nc3 Qc7 6. Be2 Nf6 7. Be3 Be7 8. f4 d6 9. 0-0 0-0 10. Qe1 a6 11. Qg3 Bd7 12. Rad1 b5 13. Nxc6 Bxc6 14. Bd4 b4 15. e5 dxe5 16. fxe5 Nd7 17. Bd3 bxc3 18. Bxh7+ Kxh7 19. Qh3+ Kg8 20. Rf6 Nxf6 21. exf6 Bxf6 22. Bxf6 Qf4 23. Bxg7 Kxg7 24. Qxc3+ Qf6 25. Qxc6 Rac8 26. Qa4 Rfd8 27. Rf1 Qd4+ 28. Qxd4+ Rxd4 29. c3 Rd2 30. Rf2 Rcd8 31. b4 Kf8 32. a4 Rd1+ 33. Rf1 Rxf1+ 34. Kxf1 Rc8 0-1

[Event "Getxo op 3rd"]
[Site "Getxo"]
[Date "2018.09.09"]
[Round "2"]
[White "Domingo Nunez, Ruben"]
[Black "Toledo Sanz, Imanol"]
[Result "1-0"]
[WhiteElo "2356"]
[BlackElo "1966"]
[PlyCount "219"]
[EventDate "2018.09.08"]
[EventType "swiss"]
[EventRounds "9"]
[EventCountry "ESP"]
[SourceTitle "EXT 2020"]
[Source "ChessBase"]
[SourceDate "2019.10.17"]
[SourceVersion "1"]
[SourceVersionDate "2019.10.17"]
[SourceQuality "1"]

1. e4 c5 2. Nf3 e6 3. g3 Nc6 4. Bg2 Nf6 5. Nc3 d5 6. exd5 exd5 7. d4 cxd4 8. Nxd4 Bc5 9. Nb3 Bb4 10. 0-0 Bxc3 11. bxc3 0-0 12. Re1 Ne4 13. Re3 Qf6 14. Qe1 Bf5 15. Ba3 Rfd8 16. Rd1 h6 17. Nd4 Nxd4 18. Rxd4 Rac8 19. Bb2 Qa6 20. Qa1 Nf6 21. Bf1 Qa5 22. c4 Bxc2 23. Rf4 Nh5 24. Rh4 dxc4 25. Bc3 Qa4 26. Rxh5 Rd1 27. Qb2 Bd3 28. Re1 Rxe1 29. Bxe1 Qd1 30. Re5 Bxf1 31. Kxf1 c3 32. Qxb7 Rd8 33. Qc7 c2 34. Rc5 Re8 35. Kg2 Qxe1 36. Rxc2 Qe4+ 37. f3 Qe3 38. Qd7 Qe6 39. Qxa7 h5 40. h4 Qe1 41. Qf2 Qa5 42. Rc5 Qa6 43. Rc2 g6 44. Qd2 Ra8 45. Qf4 Kg7 46. Qe5+ Kg8 47. Qg5 Qd3 48. Rd2 Qc4 49. Rd8+ Rxd8 50. Qxd8+ Kg7 51. Qd2 Kh7 52. Qb2 Kg8 53. Kf2 Kh7 54. Qb3 Qd4+ 55. Kf1 Kg7 56. Qc2 Qe3 57. Qb2+ Kh7 58. Kg2 g5 59. hxg5 Qxg5 60. Qd4 Qb5 61. a4 Qe2+ 62. Qf2 Qe5 63. Qa2 Kg7 64. a5 Qg5 65. Qb2+ Kh7 66. Qb4 Kg8 67. a6 Qe3 68. Qb8+ Kg7 69. Qb2+ Kg8 70. Qa2 Qa7 71. Qe2 Kf8 72. Qc4 Qe3 73. Qa2 Qa7 74. Qa4 Kg7 75. Qb5 Qe3 76. f4 Qe4+ 77. Kh2 Qc2+ 78. Kh3 Qc8+ 79. Kg2 Qc2+ 80. Kf3 Qd1+ 81. Ke4 Qc2+ 82. Kd5 Qf5+ 83. Kc6 Qc8+ 84. Kd5 Qf5+ 85. Kc4 Qe4+ 86. Kc3 Qe3+ 87. Kb2 Qf2+ 88. Ka1 Qe1+ 89. Ka2 Qe6+ 90. Kb2 f6 91. a7 Qe4 92. Qd7+ Kh6 93. Kc3 Qe3+ 94. Kc4 Qe4+ 95. Kc5 Qe3+ 96. Kd6 Qd4+ 97. Ke7 Qc5+ 98. Ke8 Qe3+ 99. Qe7 Qf3 100. Kf7 Qd5+ 101. Kxf6 Qd4+ 102. Kf7 Qg7+ 103. Ke6 Qg8+ 104. Kf6 Qh8+ 105. Kf5 Qa8 106. Qf6+ Kh7 107. Qf7+ Kh8 108. Kg6 Qe4+ 109. Kh6 Qc6+ 110. Qg6 1-0

[Event "Portugalete Bizkaia-ch U16"]
[Site "Portugalete"]
[Date "2017.12.27"]
[Round "1.1"]
[White "Singh Ahumada, Karan"]
[Black "Toledo Sanz, Imanol"]
[Result "1/2-1/2"]
[WhiteElo "1697"]
[BlackElo "1932"]
[PlyCount "77"]
[EventDate "2017.12.27"]
[EventType "swiss"]
[EventRounds "5"]
[EventCountry "ESP"]
[SourceTitle "EXT 2024"]
[Source "ChessBase"]
[SourceDate "2023.10.10"]
[SourceVersion "1"]
[SourceVersionDate "2023.10.10"]
[SourceQuality "1"]

1. d4 Nf6 2. Nf3 e6 3. Bf4 d5 4. e3 c5 5. c3 Nc6 6. Bd3 Qb6 7. Qc2 Bd7 8. Nbd2 Rc8 9. Qb3 c4 10. Qxb6 axb6 11. Be2 Be7 12. 0-0 0-0 13. Ne5 Be8 14. f3 Nh5 15. Nxc6 bxc6 16. Bg3 c5 17. f4 Nxg3 18. hxg3 b5 19. e4 cxd4 20. cxd4 b4 21. exd5 exd5 22. Bf3 Bf6 23. Bxd5 Bxd4+ 24. Kh1 Bxb2 25. Nxc4 Bxa1 26. Rxa1 Bc6 27. Bxc6 Rxc6 28. Ne5 Rc2 29. Rb1 Rb8 30. Kh2 Rc3 31. Rb2 f6 32. Nf3 Kf7 33. Nd4 g6 34. Nb3 Rb5 35. Nd2 Rc1 36. g4 Rc3 37. Ne4 Rd3 38. Rc2 Rd4 39. Rc7+ 1/2-1/2

[Event "Erandio op 26th"]
[Site "Erandio"]
[Date "2017.12.20"]
[Round "5"]
[White "Toledo Sanz, Imanol"]
[Black "Hernandez Garcia, Maximo"]
[Result "1-0"]
[WhiteElo "1822"]
[BlackElo "2009"]
[PlyCount "95"]
[EventDate "2017.12.16"]
[EventType "swiss"]
[EventRounds "8"]
[EventCountry "ESP"]
[SourceTitle "CBM 182 Extra"]
[Source "ChessBase"]
[SourceDate "2018.02.23"]
[SourceVersion "1"]
[SourceVersionDate "2018.02.23"]
[SourceQuality "1"]

1. e4 e5 2. Nf3 Nc6 3. Bb5 a6 4. Ba4 Nf6 5. 0-0 b5 6. Bb3 Be7 7. d3 0-0 8. a4 b4 9. Nbd2 d6 10. a5 Be6 11. Bxe6 fxe6 12. Nc4 Nd4 13. Nxd4 exd4 14. Qe2 Nd7 15. Bd2 d5 16. exd5 exd5 17. Qe6+ Kh8 18. Qxd5 c5 19. Rae1 Nf6 20. Qxd8 Bxd8 21. Re5 Rc8 22. h3 Rc6 23. Rfe1 Nd7 24. Re6 Rxe6 25. Rxe6 Rf6 26. Rxf6 Bxf6 27. Bf4 Bd8 28. Kf1 Kg8 29. Ke2 Kf7 30. Nd6+ Ke6 31. Ne8 Bxa5 32. Nxg7+ Kd5 33. g3 Bd8 34. g4 Nf8 35. Bg3 Ng6 36. f4 a5 37. g5 Nf8 38. h4 Ne6 39. Ne8 Nc7 40. Nxc7+ Bxc7 41. h5 Bd8 42. Kf3 Be7 43. Be1 Bf8 44. Kg4 Bg7 45. f5 h6 46. f6 Bf8 47. g6 Ke6 48. g7 1-0

[Event "Getxo op 1st"]
[Site "Getxo"]
[Date "2016.09.13"]
[Round "5.10"]
[White "Toledo Sanz, Imanol"]
[Black "Llano Olabarrieta, Joseba"]
[Result "0-1"]
[WhiteElo "1804"]
[BlackElo "2091"]
[PlyCount "34"]
[EventDate "2016.09.10"]
[EventType "swiss"]
[EventCountry "ESP"]
[SourceTitle "EXT 2024"]
[Source "ChessBase"]
[SourceDate "2023.10.10"]
[SourceVersion "1"]
[SourceVersionDate "2023.10.10"]
[SourceQuality "1"]

1. e4 c5 2. Nf3 e6 3. b3 b6 4. Bd3 Bb7 5. 0-0 d6 6. Bb2 Nf6 7. e5 dxe5 8. Nxe5 Nbd7 9. f4 Be7 10. Qe1 0-0 11. Qg3 Qc7 12. Nxd7 Qxd7 13. Bxh7+ Kxh7 14. f5 exf5 15. Rf4 Nh5 16. Qh3 g6 17. Rxf5 Qxf5 0-1

[Event "Getxo op 1st"]
[Site "Getxo"]
[Date "2016.09.11"]
[Round "3.10"]
[White "Toledo Sanz, Imanol"]
[Black "Buiza Prieto, Eihartze"]
[Result "0-1"]
[WhiteElo "1804"]
[BlackElo "2093"]
[PlyCount "100"]
[EventDate "2016.09.10"]
[EventType "swiss"]
[EventCountry "ESP"]
[SourceTitle "EXT 2024"]
[Source "ChessBase"]
[SourceDate "2023.10.10"]
[SourceVersion "1"]
[SourceVersionDate "2023.10.10"]
[SourceQuality "1"]

1. e4 c6 2. d4 d6 3. Nf3 Nf6 4. Bd3 Bg4 5. 0-0 Nbd7 6. Re1 e5 7. c3 Be7 8. Nbd2 Qc7 9. Nf1 c5 10. d5 c4 11. Bc2 Nf8 12. Ng3 Ng6 13. h3 Bd7 14. Nf5 Bxf5 15. exf5 Nf8 16. Be3 Qa5 17. b4 Qc7 18. Qd2 N8d7 19. Nh2 Rc8 20. Rad1 a5 21. a3 0-0 22. Ng4 Rfe8 23. Nxf6+ Nxf6 24. Bg5 Nd7 25. Bxe7 Rxe7 26. Qg5 Nf6 27. Re3 h6 28. Qh4 Ree8 29. Rg3 Kh8 30. Be4 axb4 31. axb4 Ra8 32. Re1 Ra2 33. Ree3 Qe7 34. Bf3 b5 35. Rg4 Nxg4 36. Qxg4 Qg5 37. Qe4 Rea8 38. g3 R8a3 39. h4 Qd8 40. Bg2 Ra1+ 41. Kh2 Rc1 42. Qf3 Rc2 43. Bf1 Raa2 44. Be2 g6 45. g4 Qxh4+ 46. Kg2 Rc1 47. Bf1 Raa1 48. Rxe5 dxe5 49. Qe3 Qxg4+ 50. Kh2 Qf4+ 0-1

[Event "ESP-ch U14"]
[Site "Granada"]
[Date "2016.07.13"]
[Round "4"]
[White "Toledo Sanz, Imanol"]
[Black "Ros Alonso, Joana"]
[Result "1-0"]
[WhiteElo "1826"]
[BlackElo "1932"]
[PlyCount "107"]
[EventDate "2016.07.11"]
[EventType "swiss"]
[EventRounds "9"]
[EventCountry "ESP"]
[SourceTitle "EXT 2024"]
[Source "ChessBase"]
[SourceDate "2023.10.10"]
[SourceVersion "1"]
[SourceVersionDate "2023.10.10"]
[SourceQuality "1"]

1. e4 e6 2. d4 d5 3. Nd2 c5 4. exd5 exd5 5. Ngf3 c4 6. c3 Bd6 7. b3 cxb3 8. axb3 Nc6 9. Bd3 Nge7 10. 0-0 Bf5 11. Be2 0-0 12. Nh4 Be6 13. Bd3 Qc7 14. g3 Ng6 15. Nf5 Bxf5 16. Bxf5 Nce7 17. Bxg6 Qxc3 18. Bxh7+ Kxh7 19. Ra4 a6 20. Nf3 Rac8 21. Ng5+ Kg8 22. Ra2 g6 23. Re2 Nf5 24. Bb2 Qc6 25. Qd3 Rfe8 26. Rfe1 Rxe2 27. Rxe2 Re8 28. Rc2 Qd7 29. Kg2 Rc8 30. Re2 Re8 31. Rc2 Ng7 32. Qd2 Qb5 33. Qc3 Ne6 34. Nf3 Bb4 35. Qe3 Bd6 36. Qc3 Qd7 37. Qa5 Bc7 38. Qb4 b5 39. Qc3 a5 40. h4 b4 41. Qd2 Rc8 42. Rc1 Bd8 43. Ne5 Qb7 44. Rh1 Bf6 45. Qe2 Qc7 46. Nxg6 Qc2 47. Qa6 Qe4+ 48. Kh2 Rc2 49. Qa8+ Kh7 50. Rf1 Kxg6 51. Qg8+ Ng7 52. Bc1 Qd3 53. h5+ Kf5 54. Qh7+ 1-0